ORGANIC CHEMISTRY (Record no. 8778)

MARC details
000 -LEADER
fixed length control field 00315nam a22001577a 4500
003 - CONTROL NUMBER IDENTIFIER
control field SGT
020 ## - INTERNATIONAL STANDARD BOOK NUMBER
International Standard Book Number 978-81-775-8541-4
082 ## - DEWEY DECIMAL CLASSIFICATION NUMBER
Classification number 615.19
Item number O13F
100 ## - MAIN ENTRY--PERSONAL NAME
Personal name FINAR
245 ## - TITLE STATEMENT
Title ORGANIC CHEMISTRY
250 ## - EDITION STATEMENT
Edition statement 5TH
260 ## - PUBLICATION, DISTRIBUTION, ETC. (IMPRINT)
Place of publication, distribution, etc DELHI
Name of publisher, distributor, etc PEARSON
Year of Publication 2013
300 ## - PAGE DESCRIPTION
No. of Pages 956
650 ## - SUBJECT ADDED ENTRY--TOPICAL TERM
Topical term or geographic name as entry element CHEMISTRY
942 ## - ADDED ENTRY ELEMENTS (KOHA)
Source of classification or shelving scheme Dewey Decimal Classification
Koha item type Books
Holdings
Withdrawn status Lost status Source of classification or shelving scheme Damaged status Not for loan Collection code Home library Current library Shelving location Date acquired Vendor Name Cost, normal purchase price SGTU Bill Number Total Checkouts Full call number Accession No. (Barcode) Date last seen Date last borrowed Bill Date Koha item type
    Dewey Decimal Classification     PHARMACY SGT FA-FP Library SGT FA-FP Library Reference Book 07/04/2016 AHUJA 950.00 SGTU 6742 1 615.19 O13F FP1786 23/11/2016 22/11/2016 16/03/2016 Books
    Dewey Decimal Classification     PHARMACY SGT FA-FP Library SGT FA-FP Library Reference Book 07/04/2016 AHUJA 950.00 SGTU 6742 1 615.19 O13F FP1787 23/05/2016 21/05/2016 16/03/2016 Books